000 00993nam a2200289Ia 4500
001 Para_3205
003 CHAP
008 220125s1989 xx 000 0 und d
010 _a201667
040 _cCHAP
090 _aPA TESIS 503
100 _aEchenique Santibañez, Javier
_935060
245 _aDescripción de los estados inmaduros de una especie acuática de (Chrysops sp. Meigen (Diptera-Tabanidae) colectada en el Estado de México /
_c por Javier Echenique Santibañez
260 _aChapingo, Méx. :
_b el autor
300 _a61 h.
502 _aTesis (Ing. Agr. Esp. Parasitología Agrícola) -- UACh. Departamento de Parasitología Agrícola
650 _aDipteros
_933715
650 _aEntomología
_937113
710 _aUACh. Departamento Parasitología Agrícola
_9164025
901 _aPA TESIS 503
902 _aA
905 _a0000001989 CDO 0000000000 00
910 _a1989
942 _cPARA
942 _cPARA
_d1
999 _c201667
_d201667